Handbook of environmental education : with international case studies /

Saved in:
Bibliographic Details
Corporate Author: International Union for Conservation of Nature and Natural Resources
Other Authors: Saveland, Robert N.
Format: Book
Language:English
Published: London ; New York : J. Wiley, 1976.
Subjects:
LEADER 01154nam a2200265 i 4500
001 c000258604
003 CARM
005 00000000000000.0
008 840302s1976 vp 0 eng d
019 1 |a 758969  |z 21843652  |5 LACONCORD2021 
020 |a 0471755354 
035 |a (OCoLC)2507303  |5 LACONCORD2021 
082 0 4 |a 301.31/07/1 
245 0 0 |a Handbook of environmental education :  |b with international case studies /  |c edited by Robert N. Saveland for International Union for Conservation of Nature and Natural Resources, Morges, Switzerland. 
260 |a London ;  |a New York :  |b J. Wiley,  |c 1976. 
300 |a 267 p. :  |b ill. ;  |c 24 cm. 
504 |a Bibliography: p. [253]-255. 
500 |a Includes index. 
650 0 |a Environmental education. 
650 0 |a Human ecology  |x Study and teaching. 
700 1 |a Saveland, Robert N. 
710 2 |a International Union for Conservation of Nature and Natural Resources. 
852 8 |b CARM  |h A2:AR29G0  |i C08696  |p 0322881  |f BK 
999 f f |i a475ef1d-5632-54ac-bb43-ff8962c1942a  |s ee829777-5f16-592a-9257-b49bd4f2a656 
952 f f |p Can circulate  |a CAVAL  |b CAVAL  |c CAVAL  |d CARM 1 Store  |e C08696  |f A2:AR29G0  |h Other scheme  |i book  |m 0322881